<?xml version="1.0" encoding="UTF-8"?>
<record
    xmlns:xsi="http://www.w3.org/2001/XMLSchema-instance"
    xsi:schemaLocation="http://www.loc.gov/MARC21/slim http://www.loc.gov/standards/marcxml/schema/MARC21slim.xsd"
    xmlns="http://www.loc.gov/MARC21/slim">

  <leader>00996nam a22002537a 4500</leader>
  <controlfield tag="005">20170124103039.0</controlfield>
  <datafield tag="010" ind1=" " ind2=" ">
    <subfield code="a">B-091608</subfield>
  </datafield>
  <datafield tag="020" ind1=" " ind2=" ">
    <subfield code="c">125.00</subfield>
    <subfield code="a">818513927</subfield>
  </datafield>
  <datafield tag="035" ind1=" " ind2=" ">
    <subfield code="a">B-091608</subfield>
  </datafield>
  <datafield tag="037" ind1=" " ind2=" ">
    <subfield code="b">Cen Lib/Ret</subfield>
  </datafield>
  <datafield tag="040" ind1=" " ind2=" ">
    <subfield code="a">DPL</subfield>
    <subfield code="b">HN</subfield>
  </datafield>
  <datafield tag="082" ind1=" " ind2=" ">
    <subfield code="a">&#x915;   </subfield>
    <subfield code="b">&#x938;&#x924;&#x94D;&#x92F;&#x930;&#x93E;</subfield>
  </datafield>
  <datafield tag="100" ind1=" " ind2=" ">
    <subfield code="a">&#x938;&#x924;&#x94D;&#x92F;&#x930;&#x93E;&#x91C; </subfield>
    <subfield code="9">66504</subfield>
  </datafield>
  <datafield tag="245" ind1=" " ind2=" ">
    <subfield code="a">&#x907;&#x915;&#x94D;&#x915;&#x940;&#x938; &#x915;&#x939;&#x93E;&#x928;&#x93F;&#x92F;&#x93E;&#x902; /</subfield>
    <subfield code="c">&#x938;&#x924;&#x94D;&#x92F;&#x930;&#x93E;&#x91C; </subfield>
  </datafield>
  <datafield tag="246" ind1=" " ind2=" ">
    <subfield code="a">Ikkees kahaniyan /</subfield>
    <subfield code="b">by Satyaraj</subfield>
  </datafield>
  <datafield tag="260" ind1=" " ind2=" ">
    <subfield code="a">&#x92C;&#x93F;&#x91C;&#x928;&#x94B;&#x930;  </subfield>
    <subfield code="b">&#x939;&#x93F;&#x902;&#x926;&#x940; &#x938;&#x93E;&#x939;&#x93F;&#x924;&#x94D;&#x92F; &#x928;&#x93F;&#x915;&#x947;&#x924;&#x928; </subfield>
    <subfield code="c">2000</subfield>
  </datafield>
  <datafield tag="270" ind1=" " ind2=" ">
    <subfield code="a">16 &#x938;&#x93E;&#x939;&#x93F;&#x924;&#x94D;&#x92F; &#x935;&#x93F;&#x939;&#x93E;&#x930; </subfield>
    <subfield code="b">&#x92C;&#x93F;&#x91C;&#x928;&#x94B;&#x930;  </subfield>
  </datafield>
  <datafield tag="300" ind1=" " ind2=" ">
    <subfield code="a">152&#x92A;&#x943;. </subfield>
    <subfield code="c">21&#x938;&#x947;&#x92E;&#x940; (&#x938;&#x91C;&#x93F;&#x932;&#x94D;&#x926;)</subfield>
  </datafield>
  <datafield tag="650" ind1=" " ind2=" ">
    <subfield code="a"> &#x939;&#x93F;&#x928;&#x94D;&#x926;&#x940; &#x938;&#x93E;&#x939;&#x93F;&#x924;&#x94D;&#x92F;</subfield>
    <subfield code="9">66505</subfield>
  </datafield>
  <datafield tag="650" ind1=" " ind2=" ">
    <subfield code="a"> &#x939;&#x93F;&#x928;&#x94D;&#x926;&#x940; &#x938;&#x93E;&#x939;&#x93F;&#x924;&#x94D;&#x92F; --&#x915;&#x939;&#x93E;&#x928;&#x93F;&#x92F;&#x93E;&#x901;</subfield>
    <subfield code="9">66506</subfield>
  </datafield>
  <datafield tag="650" ind1=" " ind2=" ">
    <subfield code="a">Hindi literature </subfield>
    <subfield code="9">66507</subfield>
  </datafield>
  <datafield tag="650" ind1=" " ind2=" ">
    <subfield code="a">Hindi literature --Stories </subfield>
    <subfield code="9">66508</subfield>
  </datafield>
  <datafield tag="942" ind1=" " ind2=" ">
    <subfield code="2">ddc</subfield>
    <subfield code="c">HN</subfield>
    <subfield code="h">&#x915; </subfield>
    <subfield code="m">&#x938;&#x924;&#x94D;&#x92F;&#x930;&#x93E;</subfield>
  </datafield>
  <datafield tag="999" ind1=" " ind2=" ">
    <subfield code="c">116433</subfield>
    <subfield code="d">116433</subfield>
  </datafield>
  <datafield tag="952" ind1=" " ind2=" ">
    <subfield code="0">0</subfield>
    <subfield code="1">0</subfield>
    <subfield code="4">0</subfield>
    <subfield code="7">0</subfield>
    <subfield code="a">L</subfield>
    <subfield code="b">L</subfield>
    <subfield code="d">2015-08-24</subfield>
    <subfield code="e">Cen Lib/Ret</subfield>
    <subfield code="g">125.00</subfield>
    <subfield code="l">0</subfield>
    <subfield code="o">&#x915;    &#x938;&#x924;&#x94D;&#x92F;&#x930;&#x93E;</subfield>
    <subfield code="p">B-091608</subfield>
    <subfield code="r">2015-08-24 00:00:00</subfield>
    <subfield code="t">1</subfield>
    <subfield code="v">125.00</subfield>
    <subfield code="w">2015-08-24</subfield>
    <subfield code="y">HN</subfield>
  </datafield>
</record>
